Coğrafi informasiya sistemləri əsasında interaktiv elektron torpaq və torpaqların ekoloji qiymət xəritələrinin tərtibinə dair metodiki göstəriş (Record no. 438)
[ view plain ]
| 000 -LEADER | |
|---|---|
| fixed length control field | 02956nam a2200505 4500 |
| 003 - CONTROL NUMBER IDENTIFIER | |
| control field | OSt |
| 005 - DATE AND TIME OF LATEST TRANSACTION | |
| control field | 20260513113859.0 |
| 008 - FIXED-LENGTH DATA ELEMENTS--GENERAL INFORMATION | |
| fixed length control field | 260513b |||||||| |||| 00| 0 aze d |
| 020 ## - INTERNATIONAL STANDARD BOOK NUMBER | |
| International Standard Book Number | 9789952514827 |
| 040 ## - CATALOGING SOURCE | |
| Original cataloging agency | AZ-XaKU |
| Language of cataloging | aze |
| Transcribing agency | AZ-XaKU |
| 041 0# - LANGUAGE CODE | |
| Language code of text/sound track or separate title | aze |
| 050 14 - LIBRARY OF CONGRESS CALL NUMBER | |
| Classification number | S592.16 .G9418 2018 |
| 100 1# - MAIN ENTRY--PERSONAL NAME | |
| Personal name | Məmmədov, Q.Ş., |
| Relator term | müəllif. |
| 245 1# - TITLE STATEMENT | |
| Title | Coğrafi informasiya sistemləri əsasında interaktiv elektron torpaq və torpaqların ekoloji qiymət xəritələrinin tərtibinə dair metodiki göstəriş |
| Statement of responsibility, etc. | / Q.Ş.Məmmədov, A.T.Alıyev, L.C.Qasımov, N.S.İsmayılov, C.S.Abdullayev, S.Z.Məmmədova, R.M.Heydərova, A.C.Həşimov, M.Q.Mustafayev, A.S.Ağbabalı, A.B.Cəfərov, Z.R.Məmmədov, C.Ə.Şabanov, V.A.Babayev, Q.Ş.Yaqubov, S.X.Şükürov ; rəyçilər R.M.Məmmədov, C.İ.İsmayılov, Hee-Myog Ro |
| 264 ## - PRODUCTION, PUBLICATION, DISTRIBUTION, MANUFACTURE, AND COPYRIGHT NOTICE | |
| Place of production, publication, distribution, manufacture | Bakı: |
| Name of producer, publisher, distributor, manufacturer | "Elm", |
| Date of production, publication, distribution, manufacture, or copyright notice | 2018. |
| 300 ## - PHYSICAL DESCRIPTION | |
| Extent | 80 səhifə; |
| Other physical details | şəkil, cədvəl, |
| Dimensions | 20.5 sm. |
| 336 ## - CONTENT TYPE | |
| Content type term | text |
| Content type code | txt |
| Source | rdacontent |
| 337 ## - MEDIA TYPE | |
| Media type term | unmediated |
| Media type code | n |
| Source | rdamedia |
| 338 ## - CARRIER TYPE | |
| Carrier type term | volume |
| Carrier type code | nc |
| Source | rdacarrier |
| 500 ## - GENERAL NOTE | |
| General note | AMEA Torpaqşünaslıq və Aqrokimya İnstitutunun Elmi Şurasının 16.11.2018-ci il tarixli 16 saylı iclasının qərarı ilə nəşr olunması tövsiyə edilmişdir.<br/>BDU Ekologiya və torpaqşünaslıq fakültəsinin Elmi Şurasının 17.10.2018-ci il tarixli 01 saylı iclasının qərarı ilə nəşr olunması tövsiyə edilmişdir. Metodik göstəriş akademik Qərib Məmmədovun rəhbərliyi ilə hazırlanmışdır. |
| 504 ## - BIBLIOGRAPHY, ETC. NOTE | |
| Bibliography, etc. note | -Ədəbiyyat siyahısı: s. 77-79 |
| 505 0# - Formatted Contents Note | |
| Formatted contents note | Giriş -- I fəsil. Coğrafi informasiya sistemləri və xəritə haqqında qısa məlumat -- II fəsil. Aero və kosmik materiallar əsasında elektron torpaq xəritələrinin tərtibinin əsas xüsusiyyətləri -- III fəsil. Coğrafi informasiya sistemlərində torpaq xəritələrinin tərtibinin əsas xüsusiyyətləri -- IV fəsil. Torpaqların interaktiv elektron ekoloji qiymət xəritələrinin məlumat bazasının yaradılması və idarə olunması. |
| 650 #7 - SUBJECT ADDED ENTRY--TOPICAL TERM | |
| Topical term or geographic name entry element | Torpaqşünaslıq |
| Source of heading or term | AZ-XaKU |
| 655 ## - INDEX TERM--GENRE/FORM | |
| Source of term | Az-XaKU |
| Genre/form data or focus term | Metodiki göstəriş |
| 700 1# - ADDED ENTRY--PERSONAL NAME | |
| Personal name | Alıyev, A.T., |
| Relator term | müəllif. |
| 700 1# - ADDED ENTRY--PERSONAL NAME | |
| Personal name | Qasımov, L.C., |
| Relator term | müəllif. |
| 700 1# - ADDED ENTRY--PERSONAL NAME | |
| Personal name | İsmayılov, N.S., |
| Relator term | müəllif. |
| 700 1# - ADDED ENTRY--PERSONAL NAME | |
| Personal name | Abdullayev, C.S., |
| Relator term | müəllif. |
| 700 1# - ADDED ENTRY--PERSONAL NAME | |
| Personal name | Məmmədova, S.Z., |
| Relator term | müəllif. |
| 700 1# - ADDED ENTRY--PERSONAL NAME | |
| Personal name | Heydərova, R.M., |
| Relator term | müəllif. |
| 700 1# - ADDED ENTRY--PERSONAL NAME | |
| Personal name | Həşimov, A.C., |
| Relator term | müəllif. |
| 700 1# - ADDED ENTRY--PERSONAL NAME | |
| Personal name | Mustafayev, M.Q., |
| Relator term | müəllif. |
| 700 1# - ADDED ENTRY--PERSONAL NAME | |
| Personal name | Ağbabalı, A.S., |
| Relator term | müəllif. |
| 700 1# - ADDED ENTRY--PERSONAL NAME | |
| Personal name | Cəfərov, A.B., |
| Relator term | müəllif. |
| 700 1# - ADDED ENTRY--PERSONAL NAME | |
| Personal name | Məmmədov, Z.R., |
| Relator term | müəllif. |
| 700 1# - ADDED ENTRY--PERSONAL NAME | |
| Personal name | Şabanov, C.Ə., |
| Relator term | müəllif. |
| 700 1# - ADDED ENTRY--PERSONAL NAME | |
| Personal name | Babayev, V.A., |
| Relator term | müəllif. |
| 700 1# - ADDED ENTRY--PERSONAL NAME | |
| Personal name | Yaqubov, Q.Ş., |
| Relator term | müəllif. |
| 700 1# - ADDED ENTRY--PERSONAL NAME | |
| Personal name | Şükürov, S.X., |
| Relator term | müəllif. |
| 700 1# - ADDED ENTRY--PERSONAL NAME | |
| Personal name | Məmmədov, R.M., |
| Relator term | rəyçi. |
| 700 1# - ADDED ENTRY--PERSONAL NAME | |
| Personal name | İsmayılov, C.İ., |
| Relator term | rəyçi. |
| 700 1# - ADDED ENTRY--PERSONAL NAME | |
| Personal name | Ro, Hee-Myog, |
| Relator term | rəyçi. |
| 942 ## - ADDED ENTRY ELEMENTS (KOHA) | |
| Koha item type | Book |
| Withdrawn status | Lost status | Source of classification or shelving scheme | Damaged status | Not for loan | Collection | Home library | Current library | Date acquired | Total checkouts | Full call number | Barcode | Date last seen | Copy number | Price effective from | Koha item type |
|---|---|---|---|---|---|---|---|---|---|---|---|---|---|---|---|
| Library of Congress Classification | General Collection | Karabakh University Main Library | Karabakh University Main Library | 05/13/2026 | S592.16 .G9418 2018 | 0000000342 | 05/13/2026 | 1 | 05/13/2026 | Book |